Un ministre sous Louis XV (Record no. 165061)

MARC details
000 -LEADER
campo de control de longitud fija 01281nam a22003255i 4500
001 - NÚMERO DE CONTROL
campo de control 165061
003 - IDENTIFICADOR DE NÚMERO DE CONTROL
campo de control ES-MaACL
005 - FECHA Y HORA DE LA ÚLTIMA TRANSACCIÓN
campo de control 20230906213047.0
008 - DATOS DE LONGITUD FIJA--INFORMACIÓN GENERAL
campo de control de longitud fija 050811s1874 fr | |||||||| ||fre d
040 ## - FUENTE DE CATALOGACIÓN
Centro catalogador/agencia de origen CAM
Lengua de catalogación spa
Centro/agencia transcriptor CAM
100 1# - ENTRADA PRINCIPAL--NOMBRE DE PERSONA
Nombre de persona Scribe, Eugène.
9 (RLIN) 104966
245 13 - MENCIÓN DEL TÍTULO
Título Un ministre sous Louis XV
Resto del título : ; Le jeunne docteur ; Le tête-a-tête ; La conversion ; Potemkin ; Le prix de la vie ; Judith ; Le roi de Careau ; Les malheurs heureux /
Mención de responsabilidad, etc. Eugène Scribe.
260 ## - PUBLICACIÓN, DISTRIBUCIÓN, ETC.
Lugar de publicación, distribución, etc. Paris :
Nombre del editor, distribuidor, etc. E. Dentu, libraire-éditeur,
Fecha de publicación, distribución, etc. 1874 (
Fabricante Imp. Paul Dupont)
300 ## - DESCRIPCIÓN FÍSICA
Extensión 370, [2] p. ;
Dimensiones 18 cm.
490 1# - MENCIÓN DE SERIE
Mención de serie Oeuvres complètes de Eugène Scribe. Cinquième série : Proverbes, Nouvelles romans. 1
700 1# - ENTRADA AGREGADA--NOMBRE PERSONAL
Nombre de persona Dentu, E.,
Término indicativo de función/relación
9 (RLIN) 230064
700 1# - ENTRADA AGREGADA--NOMBRE PERSONAL
Nombre de persona Dupont, Paul,
Término indicativo de función/relación
9 (RLIN) 46109
740 3# - ENTRADA AGREGADA--TÍTULO RELACIONADO/ANALÍTICO NO CONTROLADO
Título relacionado o analítico no controlado Le jeunne docteur.
740 3# - ENTRADA AGREGADA--TÍTULO RELACIONADO/ANALÍTICO NO CONTROLADO
Título relacionado o analítico no controlado Le tête-a-tête.
740 3# - ENTRADA AGREGADA--TÍTULO RELACIONADO/ANALÍTICO NO CONTROLADO
Título relacionado o analítico no controlado La conversion.
740 0# - ENTRADA AGREGADA--TÍTULO RELACIONADO/ANALÍTICO NO CONTROLADO
Título relacionado o analítico no controlado Potemkin.
740 3# - ENTRADA AGREGADA--TÍTULO RELACIONADO/ANALÍTICO NO CONTROLADO
Título relacionado o analítico no controlado Le prix de la vie.
740 0# - ENTRADA AGREGADA--TÍTULO RELACIONADO/ANALÍTICO NO CONTROLADO
Título relacionado o analítico no controlado Judith.
740 3# - ENTRADA AGREGADA--TÍTULO RELACIONADO/ANALÍTICO NO CONTROLADO
Título relacionado o analítico no controlado Le roi de Careau.
740 4# - ENTRADA AGREGADA--TÍTULO RELACIONADO/ANALÍTICO NO CONTROLADO
Título relacionado o analítico no controlado Les malhereux heureux.
752 ## - ENTRADA AGREGADA--NOMBRE JERÁRQUICO DEL LUGAR
País o entidad superior Francia -
Ciudad París
830 0# - PUNTO DE ACCESO ADICIONAL DE SERIE-TÍTULO UNIFORME
Título uniforme Oeuvres complètes de Eugène Scribe. Cinquième série : Proverbes, Nouvelles romans. 1
9 (RLIN) 222425
852 ## - LOCALIZACIÓN
Ubicación ES-MaACL
Número de control de estantería C-18584
Nota libre -- Enc. hol., conservando la cub. original
Holdings
Estatus retirado Estado de pérdida Estado de daño No para préstamo Colección Biblioteca de origen Biblioteca actual Ubicación en estantería Fecha de adquisición Fuente de adquisición Total de préstamos Signatura topográfica completa Código de barras Visto por última vez Precio de reemplazo Tipo de ítem Koha
        Libros del s. XIX Biblioteca del Ateneo de Madrid Biblioteca del Ateneo de Madrid Galería 17/01/2008     C-18584 1173053 23/02/2023 23/02/2023 Libro impreso antiguo